000 00595nam a22001937a 4500
999 _c196578
_d196578
005 20230717125051.0
010 _aUR-12072
020 _a9789383239429
_c300.00
035 _aU-10627
037 _bDBAD/PUB
082 _a841
100 _aاطہر سلطانہ
245 _aسفینہ ادب /
_cاطہر سلطانہ
246 _aSafeena-E-Adab /
_bby Athar Sultana
260 _aNew Delhi
_bApplied Books
_c2016 ء
270 _a1739/10, New Kohinoor Hotel, Pataudi House, Darya Ganj
_bNew Delhi
_e2
300 _a190 ص
_c22cm(pbk)
942 _2ddc
_cUR
_h841
_mا ط ہ